000 01221nam a2200289Ia 4500
005 20220317002000.0
008 200115s2019 ck 000 0 spa d
020 _a9789588846545
040 _aCO-BoRNBP
_bspa
_erda
_cCO-BoRNBP
041 _aspa
082 0 4 _a530
_bK13m
100 1 _aKaidSalah Ferrón, Sheddad
_eautor
245 1 0 _aMi primer libro de física cuántica
_ctexto Sheddad KaidSalah Ferrón ; ilustraciones Eduard Altarriba
250 _aEdición especial
264 1 _aBogotá
_bAlianza
_c2019
300 _a47 páginas
_bilustraciones en color
_c30 cm
336 _2rdacontent
_atexto
_btxt
337 _2rdamedia
_asin mediación
_bn
338 _2rdacarrier
_avolumen
_bnc
490 0 _aPlan Nacional de Lectura y Escritura Leer es mi Cuento / Ministerio de Cultura
500 _aA la cabeza del título en cubierta: "Dr Albert presenta mi primer libro de física cuántica" \ Recomendado para un público infantil mayor de 9 años
650 1 7 _aFísica
_2LEMB
_xHistoria
_xLiteratura infantil
650 1 7 _aFísica cuántica
_2LEMB
_xHistoria
_xLiteratura infantil
650 1 7 _aFísicos
_2LEMB
_xLiteratura infantil
700 1 _aAltarriba, Eduard
_eilustrador
_9113952
942 _2ddc
_cBK
999 _c8783
_d8783